Every 2024-2025 player in the nhl - Statistics

General Stats
  • This quiz has been taken 1,111 times
  • The average score is 208 of 963
Answer Stats
name team % Correct
Connor McDavid EDM
84%
Sidney Crosby PIT
83%
Jack Hughes NJD
80%
Luke Hughes NJD
79%
Quinn Hughes VAN
79%
Leon Draisaitl EDM
77%
Auston Matthews TOR
75%
Nathan MacKinnon COL
75%
Alex Ovechkin WSH
74%
Connor Bedard CHI
74%
Will Smith SJS
74%
Brady Tkachuk OTT
73%
Matthew Tkachuk FLA
73%
Macklin Celebrini SJS
72%
Brad Marchand BOS
71%
Cale Makar COL
70%
Evgeni Malkin PIT
70%
Mitch Marner TOR
70%
Brendan Smith DAL
69%
Cole Smith NSH
69%
Craig Smith CHI
69%
Givani Smith COL
69%
Jake Bean CGY
69%
Reilly Smith VGK
69%
Ty Smith CAR
69%
David Pastrnak BOS
67%
Joel Eriksson Ek MIN
67%
Trevor Zegras ANA
66%
Tage Thompson BUF
65%
Erik Karlsson PIT
64%
Nick Suzuki MTL
64%
William Karlsson VGK
64%
Linus Karlsson VAN
63%
Logan Thompson WSH
63%
Patrick Kane DET
63%
Stuart Skinner EDM
63%
Cole Caufield MTL
62%
Jack Thompson SJS
62%
Jeff Skinner EDM
62%
Ryan Suzuki CAR
62%
Nikita Kucherov TBL
61%
Sebastian Aho CAR
61%
Elias Pettersson VAN
59%
Marcus Pettersson VAN
59%
William Nylander TOR
59%
Jamie Benn DAL
58%
Jeremy Swayman BOS
58%
Leo Carlsson ANA
58%
Alex Nylander TOR
57%
Jack Eichel VGK
57%
Kirill Kaprizov MIN
56%
J.T. Miller NYR
55%
Mikko Rantanen DAL
55%
Colin Miller WPG
54%
Jason Robertson DAL
54%
K'Andre Miller NYR
54%
Kyle Connor WPG
54%
Rasmus Andersson CGY
54%
Anze Kopitar LAK
53%
Charlie McAvoy BOS
53%
Lane Hutson MTL
53%
Nicholas Robertson TOR
53%
Sergei Bobrovsky FLA
53%
Aleksander Barkov FLA
52%
Kris Letang PIT
52%
Linus Ullmark OTT
52%
Rasmus Dahlin BUF
52%
Andrei Vasilevskiy TBL
51%
Artemi Panarin NYR
51%
Steven Stamkos NSH
51%
Connor Hellebuyck WPG
50%
Devon Toews COL
50%
Joey Anderson CHI
50%
Josh Anderson MTL
50%
Marc-Andre Fleury MIN
50%
Mikey Anderson LAK
50%
Juraj Slafkovsk MTL
49%
Ryan Nugent-Hopkins EDM
49%
Seth Jarvis CAR
49%
Brayden Point TBL
48%
Cale Fleury SEA
48%
Evan Bouchard EDM
48%
Haydn Fleury WPG
48%
John Tavares TOR
48%
Clayton Keller UTA
47%
Cole Reinhardt OTT
47%
Nico Hischier NJD
47%
Sam Reinhart FLA
47%
Darnell Nurse EDM
46%
Dylan Larkin DET
46%
Roman Josi NSH
46%
Seth Jones FLA
46%
Ben Jones MIN
45%
Caleb Jones LAK
45%
Erik Johnson PHI
45%
Igor Shesterkin NYR
45%
Jake Oettinger DAL
45%
John Carlson WSH
45%
Kent Johnson CBJ
45%
Lukas Dostal ANA
45%
Mackenzie Blackwood COL
45%
Mathew Barzal NYI
45%
Matt Boldy MIN
45%
Max Jones EDM
45%
Ryan Johnson BUF
45%
Tyler Toffoli SJS
45%
Victor Hedman TBL
45%
Zac Jones NYR
45%
Dylan Strome WSH
44%
Ilya Sorokin NYI
44%
Jack Johnson CBJ
44%
John Gibson ANA
44%
Jordan Binnington STL
44%
Joseph Woll TOR
44%
Mark Stone VGK
44%
Nazem Kadri CGY
44%
Reese Johnson MIN
44%
Ryan Strome ANA
44%
Sam Bennett FLA
44%
Tristan Jarry PIT
44%
Tyler Johnson BOS
44%
Adrian Kempe LAK
43%
Anton Forsberg OTT
43%
Brent Burns CAR
43%
Drew Doughty LAK
43%
Filip Forsberg NSH
43%
Juuse Saros NSH
43%
Martin Necas COL
43%
Miro Heiskanen DAL
43%
Zach Hyman EDM
43%
Zach Werenski CBJ
43%
Andrei Svechnikov CAR
42%
Dustin Wolf CGY
42%
Jacob Markstrom NJD
42%
Mark Scheifele WPG
42%
Moritz Seider DET
42%
Tim Stutzle OTT
42%
Tyler Seguin DAL
42%
Wyatt Johnston DAL
42%
Brock Faber MIN
41%
Jacob Trouba ANA
41%
Nick Foligno CHI
41%
Radko Gudas ANA
41%
Robert Thomas STL
41%
Ross Johnston ANA
41%
Thatcher Demko VAN
41%
Tom Wilson WSH
41%
Adam Fox NYR
40%
Akil Thomas LAK
40%
Anthony Stolarz TOR
40%
Corey Perry EDM
40%
Marcus Foligno MIN
40%
Sam Montembeault MTL
40%
Spencer Knight CHI
40%
Taylor Hall CAR
40%
Troy Terry ANA
40%
Brandon Hagel TBL
39%
Jesper Bratt NJD
39%
Logan Cooley UTA
39%
Mason McTavish ANA
39%
Matthew Knies TOR
39%
Mattias Ekholm EDM
39%
Roope Hintz DAL
39%
Scott Wedgewood COL
39%
William Eklund SJS
39%
Aaron Ekblad FLA
38%
Brock Boeser VAN
38%
Connor Brown EDM
38%
Jakub Dobes MTL
38%
Mika Zibanejad NYR
38%
Oliver Ekman-Larsson TOR
38%
Patrik Laine MTL
38%
Quinton Byfield LAK
38%
Ryan Reaves TOR
38%
Jake Guentzel TBL
37%
Jake Sanderson OTT
37%
Jonathan Huberdeau CGY
37%
Jonathan Quick NYR
37%
Joshua Brown EDM
37%
Kevin Fiala LAK
37%
Owen Power BUF
37%
Patrick Brown BOS
37%
Ryan O'Reilly NSH
37%
Ukko-Pekka Luukkonen BUF
37%
Brock Nelson COL
36%
Bryan Rust PIT
36%
Conor Geekie TBL
36%
Cutter Gauthier ANA
36%
Dougie Hamilton NJD
36%
Elias Lindholm BOS
36%
Filip Gustavsson MIN
36%
Hampus Lindholm BOS
36%
Jordan Staal CAR
36%
Lucas Raymond DET
36%
Morgan Geekie BOS
36%
Adin Hill VGK
35%
Bo Horvat NYI
35%
Chris Kreider NYR
35%
Claude Giroux OTT
35%
Noah Dobson NYI
35%
Travis Konecny PHI
35%
Vince Dunn SEA
35%
Alex Tuch BUF
34%
Darcy Kuemper LAK
34%
Frank Nazar CHI
34%
Frederik Andersen CAR
34%
Julien Gauthier NYI
34%
Timo Meier NJD
34%
Calvin Pickard EDM
33%
Jaccob Slavin CAR
33%
JJ Peterka BUF
33%
Kasperi Kapanen EDM
33%
Matt Martin NYI
33%
Matt Rempe NYR
33%
Max Domi TOR
33%
Mike Matheson MTL
33%
Oliver Kapanen MTL
33%
Pavel Zacha BOS
33%
Spencer Martin CAR
33%
Alex DeBrincat DET
32%
Anton Lundell FLA
32%
Jack Quinn BUF
32%
Jonathan Marchessault NSH
32%
Jordan Kyrou STL
32%
Anders Lee NYI
31%
Arber Xhekaj MTL
31%
Brandon Tanev WPG
31%
Brayden Schenn STL
31%
Chris Tanev TOR
31%
Esa Lindell DAL
31%
Frederick Gaudreau MIN
31%
Joshua Roy MTL
31%
Kaapo Kakko SEA
31%
Logan Stankoven CAR
31%
Luke Schenn NSH
31%
Matt Roy WSH
31%
Matvei Michkov PHI
31%
Morgan Rielly TOR
31%
Nicolas Roy VGK
31%
Andre Lee LAK
30%
Brendan Gallagher MTL
30%
Ian Cole UTA
30%
Jake Allen NJD
30%
Jared Spurgeon MIN
30%
Joonas Korpisalo BOS
30%
Mike Reilly NYI
30%
Philipp Grubauer SEA
30%
Thomas Harley DAL
30%
Adam Fantilli CBJ
29%
Adam Larsson SEA
29%
Albert Johansson DET
29%
Calvin de Haan NYR
29%
Colton Dach CHI
29%
Dylan Cozens OTT
29%
Gustav Forsling FLA
29%
Jackson LaCombe ANA
29%
Jonas Johansson TBL
29%
Josh Morrissey WPG
29%
Josh Norris BUF
29%
Kirby Dach MTL
29%
Marcus Johansson MIN
29%
Matt Duchene DAL
29%
Matty Beniers SEA
29%
Mikael Granlund DAL
29%
Mikhail Sergachev UTA
29%
Nikita Zadorov BOS
29%
Nikolaj Ehlers WPG
29%
Tyler Bertuzzi CHI
29%
Alexis Lafreniere NYR
28%
Alex Lyon DET
28%
Anthony Cirelli TBL
28%
Artturi Lehkonen COL
28%
Charlie Lindgren WSH
28%
Drake Batherson OTT
28%
Joey Daccord SEA
28%
Justin Holl DET
28%
Kirill Marchenko CBJ
28%
MacKenzie Weegar CGY
28%
Mats Zuccarello MIN
28%
Petr Mrazek CHI
28%
Ryan Lindgren COL
28%
Sean Monahan CBJ
28%
Shea Theodore VGK
28%
Vladimir Tarasenko DET
28%
Yaroslav Askarov SJS
28%
Casey DeSmith DAL
27%
Charlie Coyle COL
27%
Dan Vladar CGY
27%
Dylan Guenther UTA
27%
Jake Evans MTL
27%
Jared McCann SEA
27%
Jordan Eberle SEA
27%
Marco Rossi MIN
27%
Ryker Evans SEA
27%
Thomas Chabot OTT
27%
Tomas Hertl VGK
27%
Vincent Trocheck NYR
27%
Alexandre Carrier MTL
26%
Alex Killorn ANA
26%
Alex Nedeljkovic PIT
26%
Alex Newhook MTL
26%
Brandon Carlo TOR
26%
Cam Talbot DET
26%
Colton Parayko STL
26%
Conor Garland VAN
26%
Jake Walman EDM
26%
Jamie Drysdale PHI
26%
Karel Vejmelka UTA
26%
Mason Marchment DAL
26%
Shane Pinto OTT
26%
Shane Wright SEA
26%
Teuvo Teravainen CHI
26%
Tyler Myers VAN
26%
Viktor Arvidsson EDM
26%
William Carrier CAR
26%
Akira Schmid VGK
25%
Alex Pietrangelo VGK
25%
Arturs Silovs VAN
25%
Boone Jenner CBJ
25%
Bowen Byram BUF
25%
Cam Fowler STL
25%
Colin White SJS
25%
Dmitry Orlov CAR
25%
Elvis Merzlikins CBJ
25%
Filip Hronek VAN
25%
Kevin Lankinen VAN
25%
Kiefer Sherwood VAN
25%
Morgan Frost CGY
25%
Ondrej Palat NJD
25%
Philippe Myers TOR
25%
Pierre-Luc Dubois WSH
25%
Rickard Rakell PIT
25%
Bobby McMann TOR
24%
Brandon Montour SEA
24%
Carter Verhaeghe FLA
24%
Darren Raddysh TBL
24%
Evan Rodrigues FLA
24%
Fraser Minten TOR
24%
Jakob Chychrun WSH
24%
Jesperi Kotkaniemi CAR
24%
John Klingberg EDM
24%
Kaiden Guhle MTL
24%
Olen Zellweger ANA
24%
Taylor Raddysh WSH
24%
Travis Sanheim PHI
24%
Alexander Wennberg SJS
23%
Cody Ceci DAL
23%
Fabian Zetterlund SJS
23%
Jesper Wallstedt MIN
23%
Joel Armia MTL
23%
Mikael Backlund CGY
23%
Miles Wood COL
23%
Phillip Danault LAK
23%
Simon Nemec NJD
23%
Ville Husso DET
23%
Alex Vlasic CHI
22%
Brett Kulak EDM
22%
Christian Dvorak MTL
22%
Derek Ryan EDM
22%
Drew O'Connor VAN
22%
Jeff Petry DET
22%
Jonas Brodin MIN
22%
Josh Doan UTA
22%
Logan O'Connor COL
22%
Marc-Edouard Vlasic SJS
22%
Mario Ferraro SJS
22%
Mathieu Joseph STL
22%
Matt Murray TOR
22%
Nick Schmaltz UTA
22%
P.O Joseph PIT
22%
Pyotr Kochetkov CAR
22%
Ryan Hartman MIN
22%
Samuel Girard COL
22%
Semyon Varlamov NYI
22%
Trent Frederic BOS
22%
Trevor Moore LAK
22%
Vitek Vanecek FLA
22%
Zach Benson BUF
22%
Adam Henrique EDM
21%
Adam Lowry WPG
21%
Alexandar Georgiev SJS
21%
Aliaksei Protas WSH
21%
Artem Zub OTT
21%
Arvid Soderblom CHI
21%
Brandt Clarke LAK
21%
Brett Pesce NJD
21%
Connor Ingram UTA
21%
Dawson Mercer NJD
21%
Dylan Holloway STL
21%
Elmer Soderblom DET
21%
Eric Comrie WPG
21%
Frank Vatrano ANA
21%
Jackson Blake CAR
21%
Jake DeBrusk VAN
21%
Jake McCabe TOR
21%
Matthew Kessel STL
21%
Neal Pionk WPG
21%
Nick Paul TBL
21%
Niko Mikkola FLA
21%
Noah Hanifin VGK
21%
Pius Suter VAN
21%
Rasmus Sandin WSH
21%
Ryan Suter STL
21%
Sean Couturier PHI
21%
Blake Coleman CGY
20%
Brady Skjei NSH
20%
Cayden Primeau MTL
20%
Connor McMichael WSH
20%
Devon Levi BUF
20%
Eetu Luostarinen FLA
20%
Jason Dickinson CHI
20%
Jason Zucker BUF
20%
Joel Farabee CGY
20%
Jordan Martinook CAR
20%
Kevin Bahl CGY
20%
Lukas Reichel CHI
20%
Mason Lohrei BOS
20%
Mattias Samuelsson BUF
20%
Nick Cousins OTT
20%
Pavel Buchnevich STL
20%
Philip Broberg STL
20%
Ross Colton COL
20%
Ryan McLeod BUF
20%
Samuel Ersson PHI
20%
Scott Laughton TOR
20%
Shayne Gostisbehere CAR
20%
Valeri Nichushkin COL
20%
Yanni Gourde TBL
20%
Alexandre Texier STL
19%
Andrei Kuzmenko LAK
19%
Andrew Mangiapane WSH
19%
Cody Glass NJD
19%
Cole Perfetti WPG
19%
David Gustafsson WPG
19%
David Perron OTT
19%
Erik Gustafsson DET
19%
Jalen Chatfield CAR
19%
Jonas Siegenthaler NJD
19%
Josh Manson COL
19%
Justin Faulk STL
19%
Logan Stanley WPG
19%
Mathew Dumba DAL
19%
Oliver Bjorkstrand TBL
19%
Ryan Donato CHI
19%
Ryan Pulock NYI
19%
Adam Pelech NYI
18%
Andrew Copp DET
18%
Anthony Mantha CGY
18%
Cam York PHI
18%
Connor Murphy CHI
18%
David Savard MTL
18%
Erik Cernak TBL
18%
Gabriel Vilardi WPG
18%
Ivan Provorov CBJ
18%
Jake Middleton MIN
18%
James Reimer BUF
18%
Jonathan Drouin COL
18%
Justin Barron NSH
18%
Luke Evangelista NSH
18%
Matt Coronato CGY
18%
Morgan Barron WPG
18%
Nico Sturm FLA
18%
Owen Tippett PHI
18%
Pavel Mintyukov ANA
18%
Ryan Graves PIT
18%
Vasily Podkolzin EDM
18%
Alexander Romanov NYI
17%
Alex Laferriere LAK
17%
Barclay Goodrow SJS
17%
Casey Mittelstadt BOS
17%
Cole Sillinger CBJ
17%
Dakota Joshua VAN
17%
David Kampf TOR
17%
Eeli Tolvanen SEA
17%
Erik Haula NJD
17%
Filip Chytil VAN
17%
Gustav Nyquist MIN
17%
Ilya Samsonov VGK
17%
Jack Drury COL
17%
Jaden Schwartz SEA
17%
James van Riemsdyk CBJ
17%
Jet Greaves CBJ
17%
J.J. Moser TBL
17%
Jordan Spence LAK
17%
Keaton Middleton COL
17%
Lars Eller WSH
17%
Mattias Janmark EDM
17%
Matt Savoie EDM
17%
Mitchell Stephens SEA
17%
Nathan Walker STL
17%
Owen Sillinger CBJ
17%
Patrick Maroon CHI
17%
Ridly Greig OTT
17%
Ryan McDonagh TBL
17%
Sam Steel DAL
17%
Samuel Bolduc NYI
17%
Sean Walker CAR
17%
Simon Benoit TOR
17%
Simon Edvinsson DET
17%
Trevor van Riemsdyk WSH
17%
Zack Bolduc STL
17%
Alex Turcotte LAK
16%
Andre Burakovsky SEA
16%
Anthony Beauvillier WSH
16%
Anthony Duclair NYI
16%
Ben Chiarot DET
16%
Braden Schneider NYR
16%
Brenden Dillon NJD
16%
Daniil Tarasov CBJ
16%
Dmitri Voronkov CBJ
16%
Dylan DeMelo WPG
16%
Emil Heineman MTL
16%
Evgenii Dadonov DAL
16%
Ivan Barbashev VGK
16%
Jayden Struble MTL
16%
Joel Hofer STL
16%
J.T. Compher DET
16%
Justus Annunen NSH
16%
Kyle Palmieri NYI
16%
Marco Kasper DET
16%
Mathieu Olivier CBJ
16%
Matias Maccelli UTA
16%
Michael Bunting PIT
16%
Nate Schmidt FLA
16%
Nino Niederreiter WPG
16%
Parker Kelly COL
16%
Pavel Dorofeyev VGK
16%
Peyton Krebs BUF
16%
Rasmus Ristolainen PHI
16%
Tomas Tatar NJD
16%
Tony DeAngelo NYI
16%
A.J. Greer FLA
15%
Brian Dumoulin NJD
15%
Chandler Stephenson SEA
15%
Connor Zary CGY
15%
Damon Severson CBJ
15%
David Rittich LAK
15%
Dmitry Kulikov FLA
15%
Eric Robinson CAR
15%
Jake Neighbours STL
15%
Jamie Oleksiak SEA
15%
Joe Veleno CHI
15%
Justin Brazeau MIN
15%
Kevin Hayes PIT
15%
Mason Appleton WPG
15%
Michael Kesselring UTA
15%
Michael Rasmussen DET
15%
Owen Beck MTL
15%
Ryan Shea PIT
15%
Sean Durzi UTA
15%
Troy Stecher EDM
15%
Vincent Desharnais SJS
15%
Will Cuylle NYR
15%
Zach Bogosian MIN
15%
Bobby Brink PHI
14%
Calle Jarnkrok TOR
14%
Connor Dewar PIT
14%
Dante Fabbro CBJ
14%
Henri Jokiharju BOS
14%
Jack Roslovic CAR
14%
Jean-Gabriel Pageau NYI
14%
Jordan Greenway BUF
14%
Mackie Samoskevich FLA
14%
Mavrik Bourque DAL
14%
Parker Wotherspoon BOS
14%
Philipp Kurashev CHI
14%
Pontus Holmberg TOR
14%
Stefan Noesen NJD
14%
Victor Olofsson VGK
14%
Vladislav Gavrikov LAK
14%
Yegor Sharangovich CGY
14%
Zach Whitecloud VGK
14%
Adam Boqvist NYI
13%
Alec Martinez CHI
13%
Alex Iafallo WPG
13%
Andrew Peeke BOS
13%
Brandon Saad VGK
13%
Brayden McNabb VGK
13%
Carson Soucy NYR
13%
Collin Graf SJS
13%
Connor Clifton BUF
13%
Curtis Lazar NJD
13%
Danton Heinen PIT
13%
Ivan Ivan COL
13%
Jesper Boqvist FLA
13%
Joel Kiviranta COL
13%
Jordan Harris CBJ
13%
Keegan Kolesar VGK
13%
Lawson Crouse UTA
13%
Liam O'Brien UTA
13%
Nils Hoglander VAN
13%
Paul Cotter NJD
13%
Philip Tomasino PIT
13%
Radek Faksa STL
13%
Robby Fabbri ANA
13%
Ryan Lomberg CGY
13%
Ryan Poehling PHI
13%
Steven Lorentz TOR
13%
Timothy Liljegren SJS
13%
Ty Dellandrea SJS
13%
Warren Foegele LAK
13%
Zemgus Girgensons TBL
13%
Aatu Raty VAN
12%
Adam Gaudette OTT
12%
Alexander Kerfoot UTA
12%
Barrett Hayton UTA
12%
Brandon Duhaime WSH
12%
Casey Cizikas NYI
12%
Colin Blackwell DAL
12%
Conor Timmins PIT
12%
Dylan Samberg WPG
12%
Garnet Hathaway PHI
12%
Ilya Lyubushkin DAL
12%
Ilya Mikheyev CHI
12%
Joel Edmundson LAK
12%
Johnathan Kovacevic NJD
12%
John Marino UTA
12%
Kevin Korchinski CHI
12%
Mark Kastelic BOS
12%
Martin Fehervary WSH
12%
Martin Pospisil CGY
12%
Michael Pezzetta MTL
12%
Nick Jensen OTT
12%
Nick Leddy STL
12%
Nicolas Deslauriers PHI
12%
Nicolas Hague VGK
12%
Rutger McGroarty PIT
12%
Sam Lafferty BUF
12%
Sam Malinski COL
12%
Tanner Jeannot LAK
12%
Tommy Novak PIT
12%
Vladislav Namestnikov WPG
12%
Yakov Trenin MIN
12%
Daemon Hunt MIN
11%
David Jiricek MIN
11%
Dennis Hildeby TOR
11%
Dryden Hunt CGY
11%
Erik Gudbranson CBJ
11%
Jiri Kulich BUF
11%
John Beecher BOS
11%
Mark Jankowski CAR
11%
Max Pacioretty TOR
11%
Michael Amadio OTT
11%
Nic Dowd WSH
11%
Nico Daws NJD
11%
Noel Acciari PIT
11%
Simon Holmstrom NYI
11%
Tanner Pearson VGK
11%
Tomas Nosek FLA
11%
Travis Hamonic OTT
11%
Ty Emberson EDM
11%
Tyson Foerster PHI
11%
Tyson Jost CAR
11%
Urho Vaakanainen NYR
11%
Yegor Chinakhov CBJ
11%
Adam Klapka CGY
10%
Alexander Holtz VGK
10%
Daniel Sprong NJD
10%
Drew Helleson ANA
10%
Ethen Frank WSH
10%
Gage Goncalves TBL
10%
Isac Lundestrom ANA
10%
Jack McBain UTA
10%
Jacob Bernard-Docker OTT
10%
Jesse Puljujarvi PIT
10%
Jonah Gadjovich FLA
10%
Kurtis MacDermid NJD
10%
Logan Mailloux MTL
10%
Luke Kunin CBJ
10%
Matthew Poitras BOS
10%
Michael McCarron NSH
10%
Nathan Bastian NJD
10%
Nick Perbix TBL
10%
Nicolas Aube-Kubel BUF
10%
Nils Lundkvist DAL
10%
Noah Cates PHI
10%
Pierre Engvall NYI
10%
Sam Carrick NYR
10%
Scott Mayfield NYI
10%
Sonny Milano WSH
10%
Teddy Blueger VAN
10%
TJ Brodie CHI
10%
Tye Kartye SEA
10%
Tyler Kleven OTT
10%
Tyson Barrie CGY
10%
Will Borgen NYR
10%
Zachary Aston-Reese CBJ
10%
Alexey Toropchenko STL
9%
Beck Malenstyn BUF
9%
Blake Lizotte PIT
9%
Cam Atkinson TBL
9%
Cole Koepke BOS
9%
Colton Sissons NSH
9%
Ian Mitchell BOS
9%
Ivan Fedotov PHI
9%
Jacob Bryson BUF
9%
Jakub Lauko BOS
9%
Joel Blomqvist PIT
9%
Joel Hanley CGY
9%
Jonatan Berggren DET
9%
Jon Merrill MIN
9%
Kaapo Kahkonen COL
9%
Kailer Yamamoto UTA
9%
Liam Ohgren MIN
9%
Marat Khusnutdinov BOS
9%
Matt Grzelcyk PIT
9%
Nick Bjugstad UTA
9%
Nick Seeler PHI
9%
Nolan Foote NJD
9%
Oskar Sundqvist STL
9%
Pheonix Copley LAK
9%
Seamus Casey NJD
9%
Sean Kuraly CBJ
9%
Trevor Lewis LAK
9%
Tyler Tucker STL
9%
Uvis Balinskis FLA
9%
Adam Edstrom NYR
8%
Alex Steeves TOR
8%
Anthony Richard PHI
8%
Ben Hutton VGK
8%
Brayden Pachal CGY
8%
Brett Howden VGK
8%
Christian Fischer DET
8%
Dennis Gilbert OTT
8%
Derek Forbort VAN
8%
Emil Lilleberg TBL
8%
Grant Hutton NYI
8%
Jakob Pelletier PHI
8%
Jakub Vrana NSH
8%
Jansen Harkins ANA
8%
Jeremy Lauzon NSH
8%
Justin Danforth CBJ
8%
Juuso Parssinen NYR
8%
Maxim Tsyplakov NYI
8%
Michael Carcone UTA
8%
Michael Eyssimont SEA
8%
Nikolas Matinpalo OTT
8%
Noah Juulsen VAN
8%
Rafael Harvey-Pinard MTL
8%
Samuel Helenius LAK
8%
Scott Morrow CAR
8%
Shakir Mukhamadullin SJS
8%
Tyler Motte DET
8%
Wyatt Kaiser CHI
8%
Zack Ostapchuk OTT
8%
Arshdeep Bains VAN
7%
Austin Watson DET
7%
Bokondji Imama PIT
7%
Brad Lambert WPG
7%
Brett Berard NYR
7%
Brock McGinn ANA
7%
Conor Sheary TBL
7%
Daniil Miromanov CGY
7%
Denton Mateychuk CBJ
7%
Egor Zamula PHI
7%
Hendrix Lapierre WSH
7%
Isak Rosen BUF
7%
Jani Hakanp TOR
7%
Jan Rutta SJS
7%
Jimmy Vesey COL
7%
Jonathan Lekkerimaki VAN
7%
Jonny Brodzinski NYR
7%
Joshua Mahura SEA
7%
Justin Kirkland CGY
7%
Kevin Rooney CGY
7%
Kevin Stenlund UTA
7%
Lian Bichsel DAL
7%
Louis Crevier CHI
7%
Luke Glendening TBL
7%
Matt Nieto PIT
7%
Nick Blankenburg NSH
7%
Nikita Grebenkin TOR
7%
Noah Gregor OTT
7%
Oliver Kylington COL
7%
Oliver Wahlstrom BOS
7%
Rasmus Kupari WPG
7%
Sebastian Cossa DET
7%
Vittorio Mancini VAN
7%
Zack MacEwen OTT
7%
Aleksei Kolosov PHI
6%
Alexander Petrovic DAL
6%
Arthur Kaliyev NYR
6%
Brett Leason ANA
6%
Calum Ritchie COL
6%
Carl Grundstrom SJS
6%
Declan Chisholm MIN
6%
Dennis Cholowski NJD
6%
Erik Brannstrom VAN
6%
Fedor Svechkov NSH
6%
Henry Thrun SJS
6%
Hudson Fasching NYI
6%
Isaak Phillips CHI
6%
Isaiah George NYI
6%
Jeffrey Viel BOS
6%
Jordan Oesterle NSH
6%
Kyle MacLean NYI
6%
Landon Slaggert CHI
6%
Mads Sogaard OTT
6%
Matt Benning SJS
6%
Mitchell Chaffee TBL
6%
Nikita Nesterenko ANA
6%
Noah Philp EDM
6%
Sam Colangelo ANA
6%
Tristan Luneau ANA
6%
Ville Heinola WPG
6%
Zachary L'Heureux NSH
6%
Alexander Alexeyev WSH
5%
Andreas Athanasiou CHI
5%
Ben Meyers SEA
5%
Brennan Othmann NYR
5%
Dakota Mermis UTA
5%
Devin Shore MIN
5%
Dustin Tokarski CAR
5%
Dylan McIlrath WSH
5%
Fabian Lysell BOS
5%
Jack St. Ivany PIT
5%
Jake Christiansen CBJ
5%
Josh Dunne BUF
5%
Juha Jaaska CAR
5%
Justin Dowling NJD
5%
Kaedan Korczak VGK
5%
Klim Kostin SJS
5%
Luca Del Bel Belluz CBJ
5%
Marc Gatcomb NYI
5%
Marcus Hogberg NYI
5%
Max Sasson VAN
5%
Nikolai Kovalenko SJS
5%
Nils Aman VAN
5%
Owen Pickering PIT
5%
Parker Ford WPG
5%
Raphael Lavoie VGK
5%
Riley Stillman CAR
5%
Rodrigo Abols PHI
5%
Ryan Winterton SEA
5%
Sam Poulin PIT
5%
Samuel Honzek CGY
5%
Scott Perunovich NYI
5%
Scott Sabourin SJS
5%
Travis Boyd MIN
5%
Vinnie Hinostroza MIN
5%
William Lagesson DET
5%
Andreas Englund NSH
4%
Brendan Brisson VGK
4%
Cole Schwindt VGK
4%
Dominic Toninato WPG
4%
Donovan Sebrango OTT
4%
Emil Andrae PHI
4%
Emil Bemstrom PIT
4%
Ethan Del Mastro CHI
4%
Jaxson Stauber UTA
4%
Joakim Kemell NSH
4%
John Hayden SEA
4%
Justin Sourdif FLA
4%
Kevin Labanc CBJ
4%
Kyle Burroughs LAK
4%
Louis Domingue NYR
4%
Lucas Condotta MTL
4%
Marc McLaughlin BOS
4%
Matthew Highmore OTT
4%
Maxwell Crozier TBL
4%
Nick DeSimone UTA
4%
Nikke Kokko SEA
4%
Nolan Allan CHI
4%
Riley Tufte BOS
4%
Robert Bortuzzo UTA
4%
Spencer Stastney NSH
4%
Tobias Bjornfot FLA
4%
Travis Dermott MIN
4%
Tyson Kozak BUF
4%
Valtteri Puustinen PIT
4%
Vinni Lettieri BOS
4%
Adam Wilsby NSH
3%
Alex Barr-Boulet MTL
3%
Angus Crookshank OTT
3%
Arttu Hyry DAL
3%
Brendan Gaunce MIN
3%
Brian Halonen NJD
3%
Cam Dineen EDM
3%
Carter Mazur DET
3%
Chris Wagner COL
3%
Clark Bishop CGY
3%
Declan Carlile TBL
3%
Dominik Shine DET
3%
Dylan Coghlan WPG
3%
Georgii Merkulov BOS
3%
Guillaume Brisebois VAN
3%
Ivan Miroshnichenko WSH
3%
Jack Finley TBL
3%
Jacob Moverare LAK
3%
Jacob Quillan TOR
3%
Jan Jenik OTT
3%
Jett Luchanko PHI
3%
John Ludvig COL
3%
Kieffer Bellows NSH
3%
Marc Del Gaizo NSH
3%
Maveric Lamoureux UTA
3%
Michael Callahan BOS
3%
Mikael Pyyhtia CBJ
3%
Mike Hardman NJD
3%
Nikita Chibrikov WPG
3%
Olle Lycksell PHI
3%
Oskar Bck DAL
3%
Oskar Olausson COL
3%
Ozzy Wiesblatt NSH
3%
Robert Hagg VGK
3%
Shane Bowers NJD
3%
Trent Miner COL
3%
Vladislav Kolyachonok PIT
3%
Walker Duehr SJS
3%
Yaniv Perets CAR
3%
Adam Ginning PHI
2%
Chad Ruhwedel NYR
2%
Chase Bradley COL
2%
Connor Mackey NYR
2%
Danil Gushchin SJS
2%
Drake Caggiula EDM
2%
Dylan Duke TBL
2%
Grigori Denisenko VGK
2%
Ilya Solovyov CGY
2%
Jacob Gaucher PHI
2%
Jacob Melanson SEA
2%
Jakub Skarek NYI
2%
James Malatesta CBJ
2%
Jonas Rondbjerg VGK
2%
Joseph LaBate CBJ
2%
Justin Hryckowian DAL
2%
Leevi Merilinen OTT
2%
Liam Foudy NYI
2%
Mark Friedman VAN
2%
Michael Milne MIN
2%
Olli Mtt UTA
2%
Patrick Giles SJS
2%
Phillip Di Giuseppe VAN
2%
Rasmus Asplund FLA
2%
Rory Kerins CGY
2%
Steven Santini TBL
2%
T.J. Tynan COL
2%
Tye Felhaber COL
2%
Ales Stezka SEA
1%
Andrew Poturalski SJS
1%
Corey Schueneman STL
1%
Daniil Misyul NJD
1%
Drew Commesso CHI
1%
Erik Portillo LAK
1%
Ethan Cardwell SJS
1%
Helge Grans PHI
1%
Jake Lucchini NSH
1%
Jason Polin COL
1%
Jere Innala COL
1%
Jimmy Schuldt SJS
1%
Kevin Gravel NSH
1%
Kyle Capobianco DAL
1%
Matt Stienburg COL
1%
Michael Sgarbossa WSH
1%
Nikita Prishchepov COL
1%
Vasily Ponomarev PIT
1%
Callahan Burke VGK
0%
Juuso Vlimki UTA
0%
Mason Morelli VGK
0%
Matj Blmel DAL
0%
Nathan Clurman PIT
0%
Nathan Lgar NJD
0%
Tanner Laczynski VGK
0%
No matching quizzes found
Score Distribution
Percent of People with Each Score
Percentile by Number Answered
Your Score History
You have not taken this quiz